• 首页
  • 本馆介绍
  • 公告通知
  • 最新文献
  • 馆藏检索
  • 电子资源
  • 读者导购
  • 参考咨询
  • 我的图书馆
  • 登录
  • 详细信息显示
  • 放入我的书架
  • 预约/预借图书
  • 作者相关作品
  • 分类相关作品
  • 丛书相关作品
  • 出版社相关作品

书目信息

  • 表格格式
  • 工作单格式
  • 卡片格式
题名:
李岚清音乐作品集
    
 
作者: 李岚清 , 李岚清 著
分册:  
出版信息: 北京   中央音乐学院出版社  2014
页数: 10页
开本: 30cm
丛书名:
单 册:
中图分类: J641
科图分类:
主题词: 音乐作品--作品集--中国--现代 , 音乐作品
电子资源:
ISBN: 978-7-81096-517-0
000 00765nam0 2200265 450
001 1735634648
005 20150426232934.0
010    @a978-7-81096-517-0@dCNY30.00
100    @a20140804d2014 em y0chiy50 ea
101 0  @achi
102    @aCN@b110000
105    @ag z 000yy
106    @ar
200 1  @a李岚清音乐作品集@9li lan qing yin yue zuo pin ji@f李岚清@Fli lan qing
210    @a北京@c中央音乐学院出版社@d2014
215    @a10页@d30cm@e1光盘
307    @a附光盘 ISBN 978-7-88072-967-2
314    @a版权页题:李岚清著
606 0  @a音乐作品@x作品集@y中国@z现代
606 0  @a音乐作品
690    @aJ641@v5
701  0 @a李岚清@9li lan qing@f(1932~)@4著
701  0 @a李岚清@Ali lan qing
801  0 @aCN@b91MARC@c20150426
905    @aMUSE@dJ641@e13
    
    李岚清音乐作品集/李岚清.-北京:中央音乐学院出版社,2014
    10页;30cm+1光盘
    
    
    ISBN 978-7-81096-517-0:CNY30.00
    
●
相关链接 在五车中查询图书 在当当中查询图书 在豆瓣中查询图书


正题名:李岚清音乐作品集     索取号:J641/13         预约/预借

序号 登录号 条形码 馆藏地/架位号 状态 备注
1 829922   2000829922   第二书库/ [索取号:J641/13] 在馆    
山东省滨州职业学院图书馆 欢迎您!
大连网信软件有限公司© 版权所有